Chiến lược và giải pháp nâng cấp chuỗi cung ứng sầu riêng ở huyện Phong Điền, thành phố Cần Thơ /
Đã lưu trong:
| Príomhúdar: | |
|---|---|
| Údair Eile: | |
| Formáid: | Bài viết |
| Teanga: | Vietnamese |
| Ábhair: | |
| Clibeanna: |
Cuir Clib Leis
Gan Chlibeanna, Bí ar an gcéad duine leis an taifead seo a chlibeáil!
|
| Thư viện lưu trữ: | Thư viện Trường Đại học Đà Lạt |
|---|
| LEADER | 00922nam a2200277 4500 | ||
|---|---|---|---|
| 001 | DLU190193876 | ||
| 005 | ##20191210 | ||
| 040 | # | # | |a DLU |b vie |
| 041 | # | # | |a vie |
| 044 | # | # | |a vn |
| 100 | # | # | |a Trần Thị Thu Hà. |
| 245 | # | # | |a Chiến lược và giải pháp nâng cấp chuỗi cung ứng sầu riêng ở huyện Phong Điền, thành phố Cần Thơ / |c Trần Thị Thu Hà, Đỗ Tấn Sĩ. |
| 653 | # | # | |a Chuỗi cung ứng |
| 653 | # | # | |a Giá trị gia tăng |
| 653 | # | # | |a Nâng cấp chuỗi |
| 653 | # | # | |a Sầu riêng |
| 700 | # | # | |a Đỗ Tấn Sĩ. |
| 773 | # | # | |t Nông nghiệp & Phát triển nông thôn |g Số 323, 2017, tr. 13-20 |
| 920 | # | # | |a Phòng Tạp chí -- Trung tâm Thông tin - Thư viện Trường Đại học Đà Lạt |
| 900 | # | # | |a True |
| 911 | # | # | |a Nguyễn Thị Thu Phương |
| 925 | # | # | |a G |
| 926 | # | # | |a A |
| 927 | # | # | |a BB |
| 980 | # | # | |a Thư viện Trường Đại học Đà Lạt |